000 00255nam a2200097Ia 4500
001 699418
005 20250826162110.0
008 250824s9999 xx 000 0 und d
245 0 _aYASEMİNLER TÜTERMİ HALA/A.ALATLI/EVEREST
_cALEV ALATLI
260 _bEVEREST
999 _c699418
_d699418